10 Most Common Pidgin Words - Statistics

General Stats
  • This quiz has been taken 8 times
  • The average score is 3 of 10
Answer Stats
Answer % Correct
Ho
100%
Brah
57%
shoots
57%
Cherry
43%
Auntie
29%
Sista
29%
Cuz
14%
Unko
14%
Can
0%
Kine
0%
No matching quizzes found
Score Distribution
Percent of People with Each Score
Percentile by Number Answered
Your Score History
You have not taken this quiz